Landmark papers in plastic surgery (Registro nro. 325468)

Detalles MARC
000 -ENCABEZADO
Número de control [NR] 03804nam a22003137a 4500
005 - FECHA Y HORA DE LA ÚLTIMA TRANSACCIÓN
control field 20250513085503.0
008 - DE LONGITUD FIJA DE DATOS DE ELEMENTOS - INFORMACIÓN GENERAL
Elementos de longitud fija [NR] 250513b ||||| |||| 00| 0 eng d
020 ## - NUMERO INTERNACIONAL NORMALIZADO PARA LIBROS [R]
Número Internacional Normalizado del libro [NR] 9783031571312
020 ## - NUMERO INTERNACIONAL NORMALIZADO PARA LIBROS [R]
Número Internacional Normalizado del libro [NR] 9783031571329
040 ## - FUENTE DE CATALOGACION [NR]
Agencia de catalogación original [NR] CO-BoUCM
Quien Cataloga David Moreno
Quien Clasifica David Moreno
041 ## - CODIGO DE IDIOMA [R]
Código de idioma para texto/pista de sonido o título separado [R] Inglés
060 ## - SIGNATURA TOPOGRAFICA DE LA BIBLIOTECA NACIONAL DE MEDICINA (NLM) [R]
Número clasificador [R] WO 600
100 ## - ASIENTO PRINCIPAL--NOMBRE PERSONAL [NR]
Nombre personal [NR] Khajuria, Ankur
ID Autoridad 185780
245 10 - MENCION DE TITULO [NR]
Título [NR] Landmark papers in plastic surgery
Parte restante del título [NR] commented guide by authors and experts
Mención de responsabilidad, etc. [NR] Ankur Khajuria, Joon Pio Hong, Peter Neligan
250 ## - MENCION DE EDICION [NR]
Mención de edición [NR] 1a.Ed
260 ## - PUBLICACION, DISTRIBUCION, ETC. (PIE DE IMPRENTA) [R]
Lugar de publicación, distribución, etc. [R] Swizerland
Nombre del editor, distribuidor, etc. [R] Springer, Cham
Fecha de publicación, distribución, etc. [R] 2024
300 ## - DESCRIPCION FISICA [R]
Extensión [R] xx, 417 Paginas
Otros detalles físicos [NR] ilustraciones
504 ## - NOTA DE BIBLIOGRAFIA, ETC. [R]
Nota de bibliografía, etc. [NR] Incluye referencias bibliográficas e índices
505 ## - NOTA DE CONTENIDO CON FORMATO PREESTABLECIDO [R]
Mención de responsabilidad [R] Intro Foreword Defining Landmark Papers The Journey Through Landmark Papers Expert Commentary: Navigating the Future Expert Concluding Commentary Preface Contents Contributors Part I: Basic Science 1: The Evolution of Microsurgery 1.1 Expert Concluding Commentary References 2: Emerging Flaps 2.1 Introduction 2.2 Perforator Flaps 2.3 Propeller Flap 2.4 Keystone Flaps 2.5 ALT (Anterolateral Thigh) Flap 2.6 DIEP (Deep Inferior Epigastric Perforator) Flap 2.7 Expert Concluding Commentary References 3: Evolution of Vascularized Composite Allotransplantation 3.1 Introduction 3.2 Milestones in VCA Through Face and Hand Transplantation 3.3 Evolution of Indication, Acute and Chronic Rejection, Monitoring (Banff Classification), and Immunosuppressive Therapy Regimen 3.4 Expert Concluding Commentary References 4: Evolution of Wound Healing 4.1 Introduction 4.1.1 Moist Wound Healing 4.1.2 Negative Pressure Wound Therapy (Vacuum-Assisted Closure) 4.1.3 Acellular Dermal Matrices (Skin Replacement Therapies) 4.1.4 Cell-Based Therapies: Autologous Cultured Human Epithelium (Skin Replacement Therapies) 4.1.5 Growth Factors: Platelet-Derived Growth Factor (PDGF) 4.1.6 Barriers and Hurdles in Wound Care 4.2 Expert Concluding Commentary References 5: Evolution of Lymphedema Management 5.1 Introduction 5.2 Liposuction and Lymphedema 5.3 Physiologic Procedures 5.4 Expert Concluding Commentary References 6: Emergence of Nerve Interfaces with Robotic Applications 6.1 Introduction 6.2 Nerve Interfaces for Postamputation Pain 6.3 Neural Interfaces for Prosthetic Control 6.4 Neural Interfaces for Sensory Feedback 6.5 Expert Concluding Commentary References 7: Evolution of Breast Imaging in Plastic Surgery 7.1 Introduction 7.2 Diagnosis of Breast Implant Rupture with MRI 7.3 Assessing Fat-Grafting and Complications with MRI 7.4 Volumetric Assessment of the Breast Using MRI 7.5 Three-Dimensional Breast Imaging 7.6 Evaluating Skin-Flap Perfusion with Indocyanine Green Videoangiography 7.7 Expert Concluding Commentary References 8: Evolution of Imaging in Flap Reconstruction 8.1 Introduction 8.2 Duplex Ultrasound 8.3 The Present State of DUS in Flap Reconstruction 8.4 Computed Tomography Angiography 8.5 The Present State of CTA in Flap Reconstruction 8.6 Indocyanine Green Angiography 8.7 The Present State of Indocyanine Green Angiography 8.8 Expert Concluding Commentary References 9: Evolution of Imaging in Cranio-Maxillo-Facial Surgery 9.1 Introduction 9.2 Discovery of the X-rays 9.3 Development of Cephalometry Radiographs 9.4 Invention of Computed Tomography Scan
650 14 - ASIENTO SECUNDARIO DE MATERIA - TERMINO TEMATICO [R]
Término temático o nombre geográfico como elemento de entrada [NR] Cirugía plástica
Subdivisión general [R] Artículos fundamentales
9 (RLIN) 185781
650 14 - ASIENTO SECUNDARIO DE MATERIA - TERMINO TEMATICO [R]
Término temático o nombre geográfico como elemento de entrada [NR] Cirugía reconstructiva
Subdivisión general [R] Estudios clásicos
9 (RLIN) 185782
650 14 - ASIENTO SECUNDARIO DE MATERIA - TERMINO TEMATICO [R]
Término temático o nombre geográfico como elemento de entrada [NR] Cirugía estética
Subdivisión general [R] Avances históricos
9 (RLIN) 185783
650 14 - ASIENTO SECUNDARIO DE MATERIA - TERMINO TEMATICO [R]
Término temático o nombre geográfico como elemento de entrada [NR] Publicaciones científicas
Subdivisión general [R] Cirugía plástica
9 (RLIN) 185784
650 14 - ASIENTO SECUNDARIO DE MATERIA - TERMINO TEMATICO [R]
Término temático o nombre geográfico como elemento de entrada [NR] Cirugía plástica
Subdivisión general [R] Literatura médica
9 (RLIN) 185785
650 14 - ASIENTO SECUNDARIO DE MATERIA - TERMINO TEMATICO [R]
Término temático o nombre geográfico como elemento de entrada [NR] Análisis de artículos científicos
Subdivisión general [R] Cirugía
9 (RLIN) 185786
700 1# - ASIENTO SECUNDARIO - NOMBRE PERSONAL [R]
Nombre personal [NR] Hong, Joon Pio
9 (RLIN) 185787
700 1# - ASIENTO SECUNDARIO - NOMBRE PERSONAL [R]
Nombre personal [NR] Neligan, Peter
9 (RLIN) 185788
942 ## - ELEMENTOS DE ENTRADA AGREGADOS (KOHA)
Sistema de clasificación NLM
Tema principal Medicina
Tipo de ítem principal el descrito en 300a Libro
Edición 1
Clasificación WO 600
Parte restante de la signatura top. K45l
Título oculto en OPAC No
Existencias
Fecha de último préstamo Total préstamos Total Renewals Signatura topográfica Código de barras Última vez visto Ejemplar Price effective from Tipo de ítem Perdido Sistema de clasificación Dañado No prestable Tipo de ítem específico Suprimido Ubicación habitual Ubicación actual Localización Fecha de creación Forma de adquisición Costo
31/07/2025 1 1 WO 600 K45l 100174041 12/12/2025 Ej.1 13/05/2025 Libro   NLM     Libro   Quinta de Mutis Quinta de Mutis 2do piso 13/05/2025 Compra 748000.00